Warszawa lewobrzeżna czy prawobrzeżna? - Statystyki

Ogólne statystyki
  • Ten quiz został rozwiązany 71 razy
  • Średni wynik to 23 z 25
Statystyki odpowiedzi
Hint Odpowiedź % Poprawnych
Znajduje się tam Pałac Kultury i Nauki Lewobrzeżna
100%
Ta część Warszawy bogata jest w wieżowce Lewobrzeżna
100%
Stare Miasto znajduje się po tej stronie Wisły Lewobrzeżna
100%
Bródno i Saska Kępa położone są w tej części Warszawy Prawobrzeżna
100%
Jej częścią jest Praga Prawobrzeżna
98%
Dworzec Warszawa Wschodnia znajduje się w tej części Prawobrzeżna
98%
W tej części znajduje się Parlament RP Lewobrzeżna
97%
Aleje Jerozolimskie znajdują się w tej części Warszawy Lewobrzeżna
97%
Po tej stronie znajdują się Łazienki Królewskie i Pałac w Wilanowie Lewobrzeżna
97%
Tu znajdowało się Getto Warszawskie Lewobrzeżna
95%
Żoliborz, Wola i Bemowo znajdują się w tej części Lewobrzeżna
95%
Ta część Warszawy posiada bardziej rozbudowany system metra Lewobrzeżna
95%
W tej części znajduje się lotnisko na Okęciu Lewobrzeżna
94%
Ta część Warszawy graniczy m.in. z Ząbkami i Markami Prawobrzeżna
94%
W tej części Warszawy miała miejsce bitwa o Olszynkę Grochowską Prawobrzeżna
94%
Mieszka tam więcej ludzi Lewobrzeżna
92%
Znajduje się tutaj Cmentarz Powązkowski Lewobrzeżna
92%
W tej części Warszawy toczyła się główna akcja ,,Lalki" Bolesława Prusa Lewobrzeżna
91%
Znajduje się tam PGE Narodowy Prawobrzeżna
91%
Po tej stronie znajduje się Kanał Żerański Prawobrzeżna
88%
W tej części znajduje się najmniej zaludniona dzielnica Prawobrzeżna
88%
Podczas Powstania Warszawskiego była okupowana przez Armię Czerwoną Prawobrzeżna
81%
Miejski Ogród Zoologiczny znajduje się po tej stronie Wisły Prawobrzeżna
81%
W tej części Warszawy swój jedyny koncert grał Michael Jackson Lewobrzeżna
70%
Jest większa powierzchniowo Lewobrzeżna
59%
Nie znaleziono quizów pasujących do podanych kryteriów
Rozkład punktacji
Procent ludzi z każdym wynikiem
Percentyl według liczby udzielonych odpowiedzi
Twoja historia wyników
Nie rozwiązałeś tego quizu